LEADER 01466nam a2200349 i 4500 001 000000220194 003 CaOOAMICUS 005 20130502000000.0 008 130502s2006 it u000 u ita u 013 $a199091 020 $a88-06-18037-1 040 $aSeMil$bita 100 1 $aKassir, Samir.$0(OLS)http://semarc/name/77209 240 10$aConsiderations sur le malheur arabe.$0(OLS)http://semarc/title/315863 245 12$aL'infelicitą araba /$cSamir Kassir ; a cura di Elisabetta Bartuli ; postfazione di Elias Khuri. 260 $aTorino :$bEinaudi,$c2006. 300 $aIX, 91 p. ;$c18 cm. 490 0 $aVele ;$v19 500 $aFondo card. C. M. Martini. 650 4$aMedio Oriente - Palestinesi.$0(OLS)http://semarc/subject/12409 650 4$aMedio Oriente - Storia.$0(OLS)http://semarc/subject/15905 650 4$aQuestione palestinese.$0(OLS)http://semarc/subject/12410 700 1 $aKhuri, Elias.$0(OLS)http://semarc/name/77211 700 1 $aBartuli, Elisabetta.$0(OLS)http://semarc/name/77210 830 0$aVele ;$v19.$0(OLS)http://semarc/title/16501 850 $aSeMil 852 $aSeMil$W1$xVenegono$y1$m3V I 210$j170551$B170551$CSeMilBibl$Z2$F182327 $81 941 1 $a4 961 $aLascito: Martini Card. Carlo Maria 996 $6020$a88-06-18037-1$9(OLS)http://semarc/number/218616 996 $6245$aL'infelicitą araba$9(OLS)http://semarc/title/315862 996 $6260$aTorino :$bEinaudi$9(OLS)http://semarc/publisher/29884 LEADER 01115nam a2200277 i 4500 001 000000100743 003 CaOOAMICUS 005 20190503090819.0 008 180830s1998 xx u000 u und u 013 $a72895 040 $aSeMil$bita 100 1 $aFeyerabend, Paul K.$0(OLS)http://semarc/name/35611 245 10$aDialogo sul metodo /$cPaul K. Feyerabend ; postfazione di Roberta Corvi. 250 $a3. ed. 260 $aRoma [etc.] :$bGLF editori Laterza,$c1998. 300 $a182 p. ;$c21 cm. 490 1 $aEconomica Laterza ;$v17 650 4$aEpistemologia filosofica.$0(OLS)http://semarc/subject/1833 650 4$aFilosofia della scienza.$0(OLS)http://semarc/subject/4333 700 1 $aCorvi, Roberta <1955->.$0(OLS)http://semarc/name/43499 830 0$aEconomica ;$v17.$0(OLS)http://semarc/title/21086 850 $aSeMil 852 $aSeMil$W1$xVenegono$y1$m2P VII 389$j213036$B57783$CSeMilBibl$Z2$F68254 $81 996 $6245$aDialogo sul metodo$9(OLS)http://semarc/title/147824 996 $6260$aRoma [etc.] :$bGLF editori Laterza$9(OLS)http://semarc/publisher/31642